000 00738cab a2200253 4500
001 ABS57471
008 090401t1997 xxu||||| |||| 00| 0 eng d
035 _a(Sirsi) u80349
041 _aeng
100 _aBird, J.
245 _aNew Labour, new PFI?
260 _c1997
350 _a0
490 _aArchitects` Journal
_v206(6) 14 August 1997, 39(1)
520 _aDiscusses the implications of government plans to reinvigorate PFI by setting out a framework within which deals can be made.
650 _aGUIDELINES
650 _aLABOUR GOVERNMENT
650 _aPFI
650 _aPRIVATE FINANCE INITIATIVE
650 _aREVIEW
690 _aPROPERTY-PROPERTY FINANCE AND INVESTMENT
942 _n0
948 _c19/08/1997
999 _c50607
_d50607